ბათუმის შოთა რუსთაველის სახელმწიფო უნივერსიტეტის ბიბლიოთეკა

ბუღალტრული აღრიცხვის საფუძვლები : (ბიბ.ჩანაწერი № 36542)

000 -ლიდერი
ფიქსირებული სიგრძის საკონტროლო ველი 01004nam a2200241Ia 4500
001 - საკონტროლო ნომერი
საკონტროლო ველი 2461
003 - საკონტროლო ნომრის იდენტიფიკატორი
საკონტროლო ველი GE_BSU
005 - ბოლო ოპერაციის თარიღი და დრო
საკონტროლო ველი 20230406162611.0
008 - ფიქსირებული სიგრძის მონაცემთა ელემენტები - ზოგადი ინფორმაცია
ფიქსირებული სიგრძის საკონტროლო ველი 181216s2011||||ge |||||||||||||| ||geo||
020 ## - წიგნის საერთაშორისო სტანდარტული ნომერი
International Standard Book Number 9789941432538
040 ## - კატალოგიზაციის წყარო
Transcribing agency GE_BSU
041 ## - ენის კოდი
Language code of text/sound track or separate title geo
080 ## - უნივერსალური ათობითი კლასიფიკაციის ინდექსი
Universal Decimal Classification number 657.222(075.8) ვ–25
100 ## - მთავარი ჩანაწერი - პიროვნების სახელი
Personal name ვაშაკიძე, ნათელა
9 (RLIN) 15593
245 ## - ცნობა სათაურის შესახებ
Title ბუღალტრული აღრიცხვის საფუძვლები :
Remainder of title ლექციების კურსი /
Statement of responsibility, etc ნათელა ვაშაკიძე, დ. მაღლაკელიძე, მ. ყიფიანი; რედ. იაკობ მესხია.
264 ## - წარმოების, გამოცემის, დისტრიბუციის და სხვა ცნობები
გამოცემის, წარმოების, დისტრიბუციის... ადგილი ქუთაისი,
გამოცემის, წარმოების, დისტრიბუციის... თარიღი 2011.
300 ## - ფიზიკური აღწერა
Extent 211გვ.;
Other physical details 20სმ.
653 ## - INDEX TERM--UNCONTROLLED
Uncontrolled term ბუღალტერია
700 ## - ADDED ENTRY--PERSONAL NAME
Personal name მაღლაკელიძე, დ.
Relator term ავტორი
9 (RLIN) 17529
700 ## - ADDED ENTRY--PERSONAL NAME
Personal name ყიფიანი, მ.
Relator term ავტორი
9 (RLIN) 17530
942 ## - ADDED ENTRY ELEMENTS (KOHA)
Koha item type წიგნი
Source of classification or shelving scheme
ეგზემპლარები
ჩამოწერის სტატუსი დაკარგული ეგზემპლარის სტატუსი კლასიფიკაციის წყარო ან თაროზე გაწყობის სქემა დაზიანების სტატუსი არ გაიცემა მუდმივი მდებარეობა (დაცვის ადგილი) ამჟამინდელი ადგილსამყოფელი თაროზე განთავსების ადგილი შეძენის თარიღი ღირებულება, შესყიდვის ნორმალური ფასი სრული შენახვის შიფრი შტრიხკოდი ბოლო ოპერაციის თარიღი ეგზემპლარის მიმდევრობითი ნომერი (კეტერი?) ფასის ძალაში შესვლის თარიღი ეგზემპლარის სახეობა საჯარო შენიშვნა
          ბათუმის შოთა რუსთაველის სახელმწიფო უნივერსიტეტის მთავარი ბიბლიოთეკა ბათუმის შოთა რუსთაველის სახელმწიფო უნივერსიტეტის მთავარი ბიბლიოთეკა წიგნსაცავი 2018-12-17 8.00 657.222(075.8) ვ–25 3488 2018-12-17 3488 2018-12-17 წიგნი 8 ლ.